00653cam a2200217 a 45000010005000000030008000050050017000130080039000300200015000690350018000840400032001020410008001340820022001422450062001642500012002262600062002383000045003005040039003456500015003847000036003999618BD-RjUL20211208234817.0140121s1984 caua b 001 0 eng a0805324224 a(BD-RjUL)9663 aDLCcDLCdDLCdBD-RjULbeng aeng00a540219bCHE 198400aChemical principles /cRichard E. Dickerson ... [et al.]. a4th ed. aMenlo Park, Calif. :bBenjamin/Cummings Pub. Co.,cc1984. axv, 930 p. :bill. (some col.) ;c25 cm. aIncludes bibliographies and index. 0aChemistry.1 aDickerson, Richard Earl,d1931-